| 000 | 00434nam a2200157Ia 4500 | ||
|---|---|---|---|
| 008 | 240729s9999 xx 000 0 und d | ||
| 022 | _a1687-9597 | ||
| 245 | 0 | _aObstetrics and Gynecology International | |
| 260 | _aUnited Kingdom | ||
| 260 | _bHindawi Limited | ||
| 650 | _a Gynecology and obstetrics | ||
| 650 | _aMedicine | ||
| 856 | _uhttps://doaj.org/toc/5a0ee6da991640d1b6691a019bb3bf1a | ||
| 942 | _2ddc | ||
| 942 | _cDOAJEJ | ||
| 999 |
_c71517 _d71517 |
||
| 945 |
_a1 _bMadushi Gamage _c1 _dMadushi Gamage |
||